Las abejas / (Record no. 28039)
[ view plain ]
| 000 -LEADER | |
|---|---|
| fixed length control field | 00611nam a22002297a 4500 |
| 001 - CONTROL NUMBER | |
| control field | sjds |
| 003 - CONTROL NUMBER IDENTIFIER | |
| control field | sjds |
| 005 - DATE AND TIME OF LATEST TRANSACTION | |
| control field | 20230209204303.0 |
| 008 - FIXED-LENGTH DATA ELEMENTS--GENERAL INFORMATION | |
| fixed length control field | 230209b |||||||| |||| 00| 0 spa d |
| 020 ## - INTERNATIONAL STANDARD BOOK NUMBER | |
| International Standard Book Number | 9789580422303 |
| 020 ## - INTERNATIONAL STANDARD BOOK NUMBER | |
| International Standard Book Number | 9580422303 |
| 040 ## - CATALOGING SOURCE | |
| Transcribing agency | sjds |
| 041 ## - LANGUAGE CODE | |
| Language code of text/sound track or separate title | spa |
| 100 1# - MAIN ENTRY--PERSONAL NAME | |
| Personal name | Julivert, Angels |
| 245 14 - TITLE STATEMENT | |
| Title | Las abejas / |
| Medium | Angels Julivert, Carlos de Miguel |
| 246 ## - VARYING FORM OF TITLE | |
| Title proper/short title | El fascinante mundo de-- las abejas |
| 246 ## - VARYING FORM OF TITLE | |
| Title proper/short title | Las abejas |
| 260 ## - PUBLICATION, DISTRIBUTION, ETC. (IMPRINT) | |
| Place of publication, distribution, etc. | Barcelona : |
| Name of publisher, distributor, etc. | Parramon, |
| Date of publication, distribution, etc. | c1994 |
| 300 ## - PHYSICAL DESCRIPTION | |
| Extent | 30 pages : |
| Other physical details | color illustrations ; |
| Dimensions | 23 cm |
| 440 ## - SERIES STATEMENT/ADDED ENTRY--TITLE | |
| Title | El Fascinante mundo de-- |
| 942 ## - ADDED ENTRY ELEMENTS (KOHA) | |
| Koha item type | Libro/Book |
| Withdrawn status | Lost status | Damaged status | Not for loan | Home library | Current library | Date acquired | Total Checkouts | Full call number | Barcode | Checked out | Date last seen | Date checked out | Price effective from | Koha item type |
|---|---|---|---|---|---|---|---|---|---|---|---|---|---|---|
| Capulin | Capulin | 04/03/2026 | JNC | 35102255 | 04/03/2026 | 04/03/2026 | Libro/Book | |||||||
| Genizero | Genizero | 31/03/2026 | 1 | JNC | 35302052 | 05/05/2026 | 31/03/2026 | 31/03/2026 | 31/03/2026 | Libro/Book | ||||
| San Juan Del Sur -- Mobile | Ostional | 15/01/2025 | 1 | JNC | 33016708 | 21/04/2026 | 17/03/2026 | 17/03/2026 | 15/01/2025 | Libro/Book | ||||
| San jeronimo | San jeronimo | 04/03/2026 | JNC | 35901926 | 04/03/2026 | 04/03/2026 | Libro/Book | |||||||
| Sevadilla -- Satellite | Sevadilla -- Satellite | 03/03/2026 | JNC | 35402254 | 03/03/2026 | 03/03/2026 | Libro/Book | |||||||
| San Juan Del Sur -- Mobile | Tortuga | 15/01/2025 | 1 | JNC | 33016709 | 15/04/2026 | 11/03/2026 | 11/03/2026 | 15/01/2025 | Libro/Book | ||||
| Zaragoza | Zaragoza | 04/03/2026 | JNC | 35502252 | 04/03/2026 | 04/03/2026 | Libro/Book |